|
|
|
|
| LEADER |
00000naa a2200000 ar4500 |
| 001 |
vtls010093836 |
| 003 |
SK-MaSNL |
| 005 |
20260302100525.0 |
| 008 |
100511c2009 xo qr|p|||||||000 b|slo |
| 015 |
|
|
|a SNBRA2010/05
|2 snkbucl
|
| 038 |
|
|
|a SNKBUCL
|
| 040 |
|
|
|a SNKBUCL
|b slo
|c SNKBUCL
|e AACR2
|
| 041 |
0 |
|
|a slo
|b eng
|b slo
|
| 044 |
|
|
|a xo
|c SK
|
| 080 |
|
|
|a 657.63-051:651.5
|2 2001
|
| 080 |
|
|
|a 651.5
|2 2001
|
| 100 |
1 |
|
|a Vépyová, Mária
|4 aut
|9 771359
|
| 245 |
1 |
0 |
|a Dokumentácia práce interného kontrolóra
|c Mária Vépyová, Sylvia Kastlerová
|
| 246 |
3 |
1 |
|a Documentation of work of internal controller
|
| 504 |
|
|
|a Bibliogr. odkazy
|
| 546 |
|
|
|a Súbežný názov angl. ; res. angl., slov.
|
| 650 |
0 |
7 |
|a audítori
|2 SNKPH
|9 3648
|
| 650 |
0 |
7 |
|a dokumentácia
|2 SNKPH
|9 19518
|
| 700 |
1 |
|
|a Kastlerová, Sylvia
|4 aut
|9 68387
|
| 773 |
0 |
|
|t Účtovníctvo a audítorstvo v procese svetovej harmonizácie
|d Bratislava : [Ekonomická univerzita], 2009
|g S. 219-222
|z 9788022527408
|
| 852 |
|
|
|a SNK
|b KIS3GCP
|
| 958 |
|
|
|a NB
|
| 999 |
|
|
|c 1220331
|d 1222261
|